000 00570nam a22002057a 4500
005 20100819113936.0
010 _aENG-100941
020 _c50.00
035 _aEN-84474
037 _bDBAD/PUB
082 _a920
100 _aAnant Kadam
_915198
245 _a''The insulted, humiated and persecuted :
_bfew fragamen of an autobigraphi /
_cby Anant Kadam
260 _aMaharashtra
_bSwagat Prakashan
270 _aNagaland Legislative Assembly
_bKohima
300 _aix, 878 p.
_b24cm (Pbk)
700 _915115
700 _915135
942 _2ddc
_cEN
_h328
_mOFF
999 _c42550
_d42550